<?xml version="1.0" encoding="UTF-8"?>
<record
    xmlns:xsi="http://www.w3.org/2001/XMLSchema-instance"
    xsi:schemaLocation="http://www.loc.gov/MARC21/slim http://www.loc.gov/standards/marcxml/schema/MARC21slim.xsd"
    xmlns="http://www.loc.gov/MARC21/slim">

  <leader>00614nam a22001577a 4500</leader>
  <controlfield tag="003">OSt</controlfield>
  <controlfield tag="005">20160213160837.0</controlfield>
  <controlfield tag="008">160213b        xxu||||| |||| 00| 0 eng d</controlfield>
  <datafield tag="040" ind1=" " ind2=" ">
    <subfield code="c">RUA</subfield>
  </datafield>
  <datafield tag="082" ind1=" " ind2=" ">
    <subfield code="a">MGR NUT 2007 B392 Or.1</subfield>
  </datafield>
  <datafield tag="100" ind1=" " ind2=" ">
    <subfield code="9">7160</subfield>
    <subfield code="a">NUTH CHANTHA; &#x1793;&#x17BB;&#x178F; &#x1785;&#x1793;&#x17D2;&#x1790;&#x17B6;</subfield>
  </datafield>
  <datafield tag="245" ind1=" " ind2=" ">
    <subfield code="a">Analysis on livelihood system of woment in kampong cham province, &#x179C;&#x17B7;&#x1797;&#x17B6;&#x1782;&#x179B;&#x17BE;&#x1794;&#x17D2;&#x179A;&#x1796;&#x17D0;&#x1793;&#x17D2;&#x1792;&#x1785;&#x17B7;&#x1789;&#x17D2;&#x1785;&#x17B9;&#x1798;&#x1787;&#x17B8;&#x179C;&#x17B7;&#x178F;&#x179A;&#x1794;&#x179F;&#x17CB;&#x179F;&#x17D2;&#x178F;&#x17D2;&#x179A;&#x17B8; &#x1793;&#x17C5;&#x1781;&#x17C1;&#x178F;&#x17D2;&#x178F;&#x1780;&#x17C6;&#x1796;&#x1784;&#x17CB;&#x1785;&#x17B6;&#x1798;</subfield>
  </datafield>
  <datafield tag="260" ind1=" " ind2=" ">
    <subfield code="a">Phnom Penh</subfield>
    <subfield code="b">RUA</subfield>
    <subfield code="c">2007</subfield>
  </datafield>
  <datafield tag="300" ind1=" " ind2=" ">
    <subfield code="a">xi ; 64p.</subfield>
    <subfield code="b">ill.</subfield>
    <subfield code="c">29cm.</subfield>
  </datafield>
  <datafield tag="942" ind1=" " ind2=" ">
    <subfield code="2">ddc</subfield>
    <subfield code="c">NRM</subfield>
  </datafield>
  <datafield tag="999" ind1=" " ind2=" ">
    <subfield code="c">6725</subfield>
    <subfield code="d">6725</subfield>
  </datafield>
  <datafield tag="952" ind1=" " ind2=" ">
    <subfield code="0">0</subfield>
    <subfield code="1">0</subfield>
    <subfield code="2">ddc</subfield>
    <subfield code="4">0</subfield>
    <subfield code="6">MGR_NUT_2007_000000000000000_B392_OR_1</subfield>
    <subfield code="7">0</subfield>
    <subfield code="9">38618</subfield>
    <subfield code="a">LBB</subfield>
    <subfield code="b">LBB</subfield>
    <subfield code="c">B392</subfield>
    <subfield code="d">2016-02-13</subfield>
    <subfield code="o">MGR NUT 2007 B392 Or.1</subfield>
    <subfield code="p">RUA048080</subfield>
    <subfield code="r">2016-02-13</subfield>
    <subfield code="w">2016-02-13</subfield>
    <subfield code="y">NRM</subfield>
  </datafield>
  <datafield tag="952" ind1=" " ind2=" ">
    <subfield code="0">0</subfield>
    <subfield code="1">0</subfield>
    <subfield code="2">ddc</subfield>
    <subfield code="4">0</subfield>
    <subfield code="6">MGR_NUT_2007_000000000000000_B392_OR_2</subfield>
    <subfield code="7">0</subfield>
    <subfield code="9">38619</subfield>
    <subfield code="a">LBB</subfield>
    <subfield code="b">LBB</subfield>
    <subfield code="c">B392</subfield>
    <subfield code="d">2016-02-13</subfield>
    <subfield code="o">MGR NUT 2007 B392 Or.2</subfield>
    <subfield code="p">RUA049252</subfield>
    <subfield code="r">2016-02-13</subfield>
    <subfield code="w">2016-02-13</subfield>
    <subfield code="y">NRM</subfield>
  </datafield>
  <datafield tag="952" ind1=" " ind2=" ">
    <subfield code="0">0</subfield>
    <subfield code="1">0</subfield>
    <subfield code="2">ddc</subfield>
    <subfield code="4">0</subfield>
    <subfield code="6">MGR_NUT_2007_000000000000000_B392_OR_3</subfield>
    <subfield code="7">0</subfield>
    <subfield code="9">38620</subfield>
    <subfield code="a">LBB</subfield>
    <subfield code="b">LBB</subfield>
    <subfield code="c">B392</subfield>
    <subfield code="d">2016-02-13</subfield>
    <subfield code="o">MGR NUT 2007 B392 Or.3</subfield>
    <subfield code="p">RUA048496</subfield>
    <subfield code="r">2016-02-13</subfield>
    <subfield code="w">2016-02-13</subfield>
    <subfield code="y">NRM</subfield>
  </datafield>
  <datafield tag="952" ind1=" " ind2=" ">
    <subfield code="0">0</subfield>
    <subfield code="1">0</subfield>
    <subfield code="2">ddc</subfield>
    <subfield code="4">0</subfield>
    <subfield code="6">MGR_NUT_2007_000000000000000_B392_OR_4</subfield>
    <subfield code="7">0</subfield>
    <subfield code="9">38621</subfield>
    <subfield code="a">LBB</subfield>
    <subfield code="b">LBB</subfield>
    <subfield code="c">B392</subfield>
    <subfield code="d">2016-02-13</subfield>
    <subfield code="o">MGR NUT 2007 B392 Or.4</subfield>
    <subfield code="p">RUA051502</subfield>
    <subfield code="r">2016-02-13</subfield>
    <subfield code="w">2016-02-13</subfield>
    <subfield code="y">NRM</subfield>
  </datafield>
  <datafield tag="952" ind1=" " ind2=" ">
    <subfield code="0">0</subfield>
    <subfield code="1">0</subfield>
    <subfield code="2">ddc</subfield>
    <subfield code="4">0</subfield>
    <subfield code="6">MGR_NUT_2007_000000000000000_B1_270_OR_1</subfield>
    <subfield code="7">0</subfield>
    <subfield code="9">81475</subfield>
    <subfield code="a">LBB</subfield>
    <subfield code="b">LBB</subfield>
    <subfield code="c">B1.270</subfield>
    <subfield code="d">2019-08-28</subfield>
    <subfield code="o">MGR NUT 2007 B1.270 Or.1</subfield>
    <subfield code="p">A36580</subfield>
    <subfield code="r">2019-08-28</subfield>
    <subfield code="w">2019-08-28</subfield>
    <subfield code="y">NRM</subfield>
  </datafield>
  <datafield tag="952" ind1=" " ind2=" ">
    <subfield code="0">0</subfield>
    <subfield code="1">0</subfield>
    <subfield code="2">ddc</subfield>
    <subfield code="4">0</subfield>
    <subfield code="6">MGR_NUT_2007_000000000000000_B1_270_OR_1</subfield>
    <subfield code="7">0</subfield>
    <subfield code="9">81491</subfield>
    <subfield code="a">LBB</subfield>
    <subfield code="b">LBB</subfield>
    <subfield code="c">B1.270</subfield>
    <subfield code="d">2019-08-28</subfield>
    <subfield code="l">2</subfield>
    <subfield code="o">MGR NUT 2007 B1.270 Or.1</subfield>
    <subfield code="p">A37877</subfield>
    <subfield code="r">2025-07-04</subfield>
    <subfield code="s">2025-06-17</subfield>
    <subfield code="w">2019-08-28</subfield>
    <subfield code="y">NRM</subfield>
  </datafield>
</record>
